LEADER 01234nam0-22003251i-450- 001 990000255740403321 005 20001010 035 $a000025574 035 $aFED01000025574 035 $a(Aleph)000025574FED01 035 $a000025574 100 $a20001010d--------km-y0itay50------ba 101 0 $aita 105 $ay-------001yy 200 1 $aNUMERICAL solutions of nonlinear differential equations$eProceedings of an Advanced Symposium conducted by themathematics Research Center, United States Army, at trhe University of Wisconsin, Madison, May 9-11, 1966$fEdited by Donald Greesnpan. 210 $aNew York$cJohn Wiley & sons$dcopyr. 1966 215 $aX, 347 p. ill. 24 cm 333 $aMathematics Research Center United States Army The University of Wisconsin$v17) 610 0 $aMetodi numerici 702 1$aGreenspan,$bDonald 702 1$aMathematics Research Center$c 712 02$aMathematics research center ; United States Army 801 0$aIT$bUNINA$gRICA$2UNIMARC 901 $aBK 912 $a990000255740403321 952 $a09 037-080$b561/L$fDINAE 959 $aDINAE 996 $aNUMERICAL solutions of nonlinear differential equations$9117663 997 $aUNINA DB $aING01 LEADER 01156nam0-2200277 --450 001 9910637997903321 005 20230118104912.0 100 $a20230118d1875----kmuy0itay5050 ba 101 0 $aita 102 $aIT 105 $a 001yy 200 1 $aCodice penale toscano con le variazioni ordinate dalla legge dell'8 aprile 1856 ed i regolamenti degli stabilimenti penali e di polizia punitiva 205 $a3. ed. con l'aggiunta dei decreti per l'abolizione della pena di morte e per la mitigazione delle pene e di una lettera del professore Francesco Carrara 210 $aFirenze$cCammelli$d1875 215 $aIV, 239 p.$d17 cm 610 0 $aCodice penale$aToscana $a1856 702 1$aCarrara,$bFrancesco$f<1805-1888> 710 02$aToscana$c$4070$0262230 801 0$aIT$bUNINA$gREICAT$2UNIMARC 901 $aBK 912 $a9910637997903321 952 $aLeg. Fiore XII, 54$b10055$fFGBC 959 $aFGBC 976 $a345.37$v23$zita 996 $aCodice penale toscano con le variazioni ordinate dalla legge dell'8 aprile 1856 ed i regolamenti degli stabilimenti penali e di polizia punitiva$92999647 997 $aUNINA